书目信息 |
| 题名: |
涂饰工程
|
|
| 作者: | 刘经强 主编 | |
| 分册: | ||
| 出版信息: | 北京 化学工业出版社 2009.01 |
|
| 页数: | 359页 | |
| 开本: | 20cm | |
| 丛书名: | ||
| 单 册: | ||
| 中图分类: | TU767 | |
| 科图分类: | ||
| 主题词: | 建筑工程--工程施工 | |
| 电子资源: | ||
| ISBN: | 978-7-122-03714-5 | |
| 000 | 00591nam0 2200217 45 | |
| 001 | 0955276594 | |
| 005 | 20091101152202.53 | |
| 010 | @a978-7-122-03714-5@dCNY28.00 | |
| 100 | @a20090515d2009 ekmy0 y0120 ea | |
| 102 | @aCN@b130000 | |
| 102 | @aCN@b110000 | |
| 105 | @ay z 000yy | |
| 200 | 1 | @a涂饰工程@f刘经强主编@Fliu jing qiang zhu bian |
| 210 | @a北京@c化学工业出版社@d2009.01 | |
| 215 | @a359页@d20cm | |
| 606 | 0 | @a建筑工程@x工程施工 |
| 690 | @aTU767@v4 | |
| 701 | 0 | @a刘经强@Aliu jing qiang@4主编 |
| 801 | 0 | @aCN@c20091101 |
| 905 | @a10447@dTU767@eL6301 | |
| 906 | @d28@n3@r1 | |
| 涂饰工程/刘经强主编.-北京:化学工业出版社,2009.01 |
| 359页;20cm |
| ISBN 978-7-122-03714-5:CNY28.00 |
| ● |
| 相关链接 |
|
|
|
正题名:涂饰工程
索取号:TU767/L6301
 
预约/预借
| 序号 | 登录号 | 条形码 | 馆藏地/架位号 | 状态 | 备注 |
| 1 | 891413 | 208914139 | 建筑库201/201建筑库 76排1列3层/ [索取号:TU767/L6301] | 在馆 | |
| 2 | 891414 | 208914148 | 建筑库201/201建筑库 76排1列3层/ [索取号:TU767/L6301] | 在馆 | |
| 3 | 891415 | 208914157 | 建筑库201/201建筑库 76排1列3层/ [索取号:TU767/L6301] | 在馆 |